000 00249nam a2200097Ia 4500
001 1000333
005 20250826230349.0
008 250824s9999 xx 000 0 und d
245 0 _aBU HAVALARDA BANA DÖNME
_cSELCAN AYDIN
260 _bDESTEK YAYINLARI
999 _c1000333
_d1000333